000
00171nam a2200085 4500
999
_c
530815
_d
530815
040
_c
DLC
082
_a
808.042076
_b
APT
245
_a
General aptitude test
942
_2
ddc
_c
BK